000 00619nam a2200217 i 4500
001 C2-0310165
003 PPAK
005 20180728101415.0
008 110612s1977 my |||| ||||| | may d
040 _aPPAK
_beng
_cPPAK
_erda
082 0 4 _a305.89
_223
090 0 0 _a305.89
_bMAS
_dKMI
245 0 0 _aMasyarakat Melayu :
_bantara tradisi dan perubahan
264 1 _aKuala Lumpur :
_bUtusan Publications ,
_c1977
300 _a269 pages ;
_c20 cm
336 _2rdacontent
_atext
337 _2rdamedia
_aunmediated
338 _2rdacarrier
_avolume
650 1 0 _aMalaysia - Social life and customs
942 _ddc
_cB
999 _c112655
_d112655